Score 0/18 Timer 06:00
1 Play Today
SCRAMBLE Answer % Correct
KANTTank
98.8%
YAKAKKayak
95.3%
MOTIOmit
69.7%
INOONOnion
68.6%
REVPOProve
67.8%
CROFEForce
65.3%
CLEETElect
65.1%
LANPETPlanet
64%
GALEEEagle
62%
SCRAMBLE Answer % Correct
BRAIDRabid
54.4%
FECEFTEffect
52.2%
DAMEAMMadame
50.5%
CHIRENEnrich
45.6%
HALLETLethal
42.8%
TINNEYNinety
41.9%
DOGINIIndigo
38.2%
Why did the banana put on sun-tan lotion?To keep from Peeling
37.9%
HARGETGather
30%
Remove Ads.
Support Sporcle.
Get the best of Sporcle when you Go Orange. This ad-free experience offers more features, more stats, and more fun while also helping to support Sporcle. Thank you for becoming a member.

You're not logged in!

Compare scores with friends on all Sporcle quizzes.
OR
Log In

Show Comments

Extras

Top Quizzes Today


Score Distribution

Your Account Isn't Verified!

In order to create a playlist on Sporcle, you need to verify the email address you used during registration. Go to your Sporcle Settings to finish the process.

Report this User

Report this user for behavior that violates our Community Guidelines.

Details: